Fast typing alphabet - Statistics

General Stats
  • This quiz has been taken 46 times
  • The average score is 23 of 26
Answer Stats
Answer % Correct
A
100%
B
100%
C
100%
D
100%
E
100%
F
96%
G
92%
H
88%
I
88%
J
88%
K
88%
L
88%
M
88%
N
88%
O
88%
P
88%
Q
88%
R
84%
S
84%
T
84%
U
76%
V
76%
W
72%
X
72%
Y
72%
Z
68%
No matching quizzes found
Score Distribution
Percent of People with Each Score
Percentile by Number Answered
Your Score History
You have not taken this quiz